00539cam a22002177a 4500003000500000005001700005008004100022010001000063011001000073020001800083035001100101040000900112082002000121100002300141245004600164250000900210260003900219300002000258650002500278650001800303CHAP20220329143002.0050530d2001 us a r 00110 eng d a90374 a91346 a0 7020 2563 1 a101904 cCHAP04a639.3bR62 200100aRoberts, Ronald J.10aFish pathologyc/ed. by Ronald J. Roberts a3ed. aEdinburgh :bW.B. Saunders,c2001. a472 p. :bilus.14aPecesxEnfermedades.14aTeleósteos.